Devon Hendryx Discography - Statistics

General Stats
  • This quiz has been taken 75 times
  • The average score is 44 of 76
Answer Stats
Album Answer % Correct
JOECHILLWORLD Neon Kitchen
89%
JOECHILLWORLD Neon Kitchen II
89%
The Ghost~Pop Tape Neon Kitchen IV
89%
Dreamcast Summer Songs Chuchu Rocket ⛄
83%
JOECHILLWORLD Montebello High School Prom
80%
The Ghost~Pop Tape Sakura
80%
❤️ F***ing Your Girl
76%
The Rockwood Escape Plan Generation Y 1989
76%
Generation Y Generation Y / nilaplliK
76%
JOECHILLWORLD Sabbath School
76%
The Rockwood Escape Plan ジェネレーションY
76%
JOECHILLWORLD Trophy Kids
74%
JOECHILLWORLD Bully
72%
The Ghost~Pop Tape Call Me Maybe
72%
JOECHILLWORLD The Power of Madonna
72%
The Ghost~Pop Tape Untitled
72%
The Ghost~Pop Tape Untitled II
72%
The Ghost~Pop Tape Untitled III
72%
Dreamcast Summer Songs Code: Veronica ✖️
70%
❤️ Pizzicato Five 愛
70%
The Ghost~Pop Tape Pizzicato Five
70%
Dreamcast Summer Songs Power Stone ☀️
70%
The Ghost~Pop Tape Ballad of a Poor Man
67%
The Ghost~Pop Tape Behold! a Pale Horse
67%
Dreamcast Summer Songs Guilty Gear ☪️
67%
The Ghost~Pop Tape HBK
67%
The Ghost~Pop Tape Heart Emoji
65%
The Ghost~Pop Tape ODB
65%
JOECHILLWORLD Operation: Kill Stormfront
65%
Dreamcast Summer Songs Phantasy Star ☫
65%
Dreamcast Summer Songs Bloody Roar ☢️
63%
JOECHILLWORLD Omega Weapon
63%
Generation Y Operation: Kill Chet Haze
63%
❤️ Satan ✞
63%
JOECHILLWORLD Blue Seed
61%
❤️ Charli Baltimore ✪
61%
The Rockwood Escape Plan I ♥ You Hip Hop But I Can't Be Your Girlfriend Because That's Gay
61%
The Rockwood Escape Plan KING
61%
The Rockwood Escape Plan The 27 Club - Original
61%
The Ghost~Pop Tape Bubblegum Crisis
59%
Generation Y Lightbulbs
59%
The Ghost~Pop Tape O Superman
59%
Generation Y Operation: Kill Hannah Montana
57%
The Rockwood Escape Plan Toonami
57%
The Ghost~Pop Tape God Bless My Homegirls
54%
The Ghost~Pop Tape LIARA
54%
The Ghost~Pop Tape M.U.G.E.N
54%
❤️ Manny 嫌い
52%
The Ghost~Pop Tape Missing image file.
52%
The Ghost~Pop Tape P*** for Percussion
52%
Generation Y End To The Means
50%
The Rockwood Escape Plan Project Birdy
50%
The Rockwood Escape Plan Project Birdy, Pt. 2
50%
❤️ Shamoo
50%
The Rockwood Escape Plan MissingNo.
48%
The Ghost~Pop Tape Piano Baby
48%
The Rockwood Escape Plan Pu$$y #1
48%
The Ghost~Pop Tape Pu$$y Number 3
48%
The Rockwood Escape Plan A Song About Nothing
46%
The Rockwood Escape Plan Quisha
46%
The Rockwood Escape Plan Blue China
43%
The Rockwood Escape Plan God & Earrings
43%
The Ghost~Pop Tape Violent fighting to come again!
43%
The Rockwood Escape Plan I ♥ the Illuminati
41%
❤️ Max Payne (間奏)
41%
Generation Y Amla Due
39%
The Rockwood Escape Plan Capcom Vs. SNK
37%
The Rockwood Escape Plan Sunday School
37%
The Rockwood Escape Plan Deuce Komradz
35%
Generation Y Operation: Kill Luke Scott
35%
The Rockwood Escape Plan DIP
33%
The Rockwood Escape Plan Operation: Kill Rap
33%
The Rockwood Escape Plan Andrej Pejić (Neon Runway)
28%
Generation Y Monade
28%
The Rockwood Escape Plan Y2K
26%
The Rockwood Escape Plan Hoe$ (隙)
22%
No matching quizzes found
Score Distribution
Percent of People with Each Score
Percentile by Number Answered
Your Score History
You have not taken this quiz